|
|
|
|
| LEADER |
00000nab a2200000 a 4500 |
| 001 |
vtls001028759 |
| 003 |
SK-MaSNL |
| 005 |
20260303040021.0 |
| 008 |
040720e20010307xo 0 slo |
| 035 |
|
|
|a SL7313
|
| 040 |
|
|
|a SLLK
|b slo
|c SLLK
|e AACR2
|
| 041 |
0 |
|
|a slo
|
| 044 |
|
|
|a xo
|c SK
|
| 080 |
|
|
|a 343.3
|2 1981
|
| 100 |
1 |
|
|a (vr, sk)
|4 aut
|9 1023537
|
| 245 |
1 |
0 |
|a Pri návrate domov zobrali Žiakovi pas
|b ani funkcionári HZDS nevedeli o príchode svojho tieňového ministra na Slovensko
|
| 300 |
|
|
|b 1 foto
|
| 590 |
|
|
|a Žiak, Rudolf 1954-
|
| 600 |
1 |
7 |
|a Žiak, Rudolf,
|d 1955-
|2 SLLK
|9 198906
|
| 650 |
0 |
7 |
|a kauzy
|2 SLLK
|9 1016128
|
| 650 |
0 |
7 |
|a informácie
|2 SLLK
|9 1285
|
| 651 |
|
7 |
|a SL,
|2 SLLK
|9 1022390
|
| 655 |
|
7 |
|a periodikum
|2 snkbucl
|9 29553
|
| 773 |
0 |
8 |
|t Nový Čas
|g Roč. 11, č.55, 7.3.2001, s. 2
|
| 852 |
|
|
|a ZVYKNI
|b KIS3GCP
|
| 999 |
|
|
|c 1680013
|d 1681943
|